Virginia Tech Basketball: Top 10 All-Time Leaders - Statistics

General Stats
  • This quiz has been taken 33 times
    11 since last reset
  • The average score is 20 of 90
Answer Stats
Category # Player Amount % Correct
Three Pointers Made 1 Hunter Cattoor 332
73%
Games 1 Hunter Cattoor 152
73%
Assists 1 Justin Robinson 562
73%
Rebounds 8 Wayne Robinson 852
73%
Field Goal Percent 4 Wayne Robinson 51.7%
73%
Three Pointers Made 7 Ahmed Hill 230
64%
Games T4 Ahmed Hill 134
64%
Points 2 Dell Curry 2,385
64%
Assists 7 Dell Curry 404
64%
Steals 1 Dell Curry 295
64%
Field Goal Percent 8 Dell Curry 50.5%
64%
Points Per Game 7 Dell Curry 18.9
64%
Points 10 Erick Green 1,742
55%
Games T8 Erick Green 129
55%
Points 1 Bimbo Coles 2,484
45%
Assists 2 Bimbo Coles 547
45%
Steals 5 Bimbo Coles 216
45%
Points Per Game 2 Bimbo Coles 21.6
45%
Rebounds 3 Jeff Allen 1,111
45%
Steals 4 Jeff Allen 233
45%
Blocks 5 Jeff Allen 150
45%
Games T4 Jeff Allen 134
45%
Field Goal Percent 3 Justyn Mutts 54.5%
45%
Points 3 Malcolm Delaney 2,255
45%
Assists 3 Malcolm Delaney 543
45%
Three Pointers Made 3 Malcolm Delaney 264
45%
Games 2 Malcolm Delaney 136
45%
Blocks 7 Deron Washington 115
36%
Points 6 A.D. Vassallo 1,822
27%
Three Pointers Made 2 A.D. Vassallo 267
27%
Games T6 A.D. Vassallo 133
27%
Assists 6 Devin Wilson 414
27%
Games T8 Devin Wilson 129
27%
Three Pointers Made 5 Justin Bibbs 254
27%
Games T6 Terrell Bell 133
27%
Assists 10 Wabissa Bede 351
27%
Steals 7 Ace Custis 199
18%
Points 7 Allan Bristow 1,804
18%
Rebounds 4 Allan Bristow 987
18%
Points Per Game 1 Allan Bristow 23.1
18%
Rebounds 1 Chris Smith 1,508
18%
Field Goal Percent 10 Chris Smith 50.0%
18%
Points Per Game 8 Chris Smith 18.6
18%
Games 3 Dorenzo Hudson 135
18%
Assists 4 Jamon Gordon 514
9%
Steals 2 Jamon Gordon 290
9%
Points Per Game 6 Russell Davis 19.5
9%
Points 8 Zabian Dowdell 1,785
9%
Assists 8 Zabian Dowdell 380
9%
Steals 3 Zabian Dowdell 241
9%
Three Pointers Made 9 Zabian Dowdell 210
9%
Rebounds 2 Ace Curtis 1,177
0%
Field Goal Percent 9 Ace Curtis 50.4%
0%
Assists 5 Al Young 468
0%
Steals 6 Al Young 201
0%
Rebounds 5 Bill Matthews 909
0%
Points 9 Bob Ayersman 1,782
0%
Points Per Game 4 Bob Ayersman 20.5
0%
Rebounds 9 Bobby Beecher 797
0%
Blocks 3 Bobby Beecher 170
0%
Field Goal Percent 7 Bobby Beecher 51.6%
0%
Three Pointers Made 6 Brian Chase 239
0%
Steals 9 Bryant Matthews 184
0%
Points Per Game 10 Bucky Keller 18.2
0%
Steals 10 Carlos Dixon 181
0%
Three Pointers Made 8 Carlos Dixon 215
0%
Blocks 6 Cheick Diakite 125
0%
Blocks 10 Coleman Collins 106
0%
Points 4 Dale Solomon 2,136
0%
Rebounds 7 Dale Solomon 856
0%
Field Goal Percent 2 Dale Solomon 56.8%
0%
Points Per Game 9 Dale Solomon 18.4
0%
Blocks 9 Dennis Mims 107
0%
Field Goal Percent 1 Duke Thorpe 59.6%
0%
Points Per Game 5 Howard Pardue 20.1
0%
Three Pointers Made 10 Jarrell Eddie 192
0%
Assists 9 Jay Purcell 369
0%
Blocks 2 Jimmy Carruth 194
0%
Rebounds 6 John Rivers 903
0%
Blocks 8 John Rivers 108
0%
Field Goal Percent 6 Les Henson 51.7%
0%
Points 5 Perry Young 1,899
0%
Rebounds 10 Perry Young 779
0%
Field Goal Percent 5 Perry Young 51.7%
0%
Games T8 Perry Young 129
0%
Steals 8 Reggie Steppe 197
0%
Blocks 4 Rolan Roberts 167
0%
Blocks 1 Roy Brow 217
0%
Three Pointers Made 4 Wally Lancaster 257
0%
Points Per Game 3 Wally Lancaster 20.7
0%
No matching quizzes found
Score Distribution
Percent of People with Each Score
Percentile by Number Answered
Your Score History
You have not taken this quiz since the last reset